| Поле | Инд. | ПП | Название | Значение |
|---|---|---|---|---|
| Тип записи | a | |||
| Библиографический уровень | m | |||
| 001 | Контрольный номер | 1302b33cd45c4507927f5c00e28dd48c | ||
| 005 | Дата корректировки | 20160406141241.2 | ||
| 040 | a | Служба первич. каталог. | НБ ТвГУ | |
| b | Код языка каталог. | rus | ||
| e | Правила каталог. | PSBO | ||
| 041 | 0_ | a | Код языка текста | rus |
| 080 | a | Индекс УДК | 316(043.3) | |
| 084 | a | Индекс другой классификации/Индекс ББК | С53я031 | |
| 090 | a | Полочн. индекс | С53 | |
| x | Авторский знак | М 14 | ||
| 097 | b | Оператор | mimoza | |
| 100 | 1_ | a | Автор | Майкова Элеонора Юрьевна |
| 245 | 10 | a | Заглавие | Социально-философская концепция автономии личности |
| b | Продолж. заглавия | автореф. дис. ... д.филос.н. : 09.00.11 - "Социальная философия" | ||
| c | Ответственность | науч. конс.: д.филос.н., доц. Я. В. Бондарева ; ФГБОУ ВПО "Твер. гос. техн. ун-т", Каф. психологии и философии | ||
| 260 | c | Дата издания | 2015 | |
| a | Место издания | Москва | ||
| a | Место издания | Тверь | ||
| b | Издательство | Тверской государственный технический университет | ||
| 300 | a | Объем | 43 с. | |
| 500 | a | Примечание | На правах рукоп. | |
| 504 | a | Библиография | Библиогр. в конце книги (27 назв.) и в подстроч. примеч. | |
| 653 | 0_ | a | Ключевые слова | Социальная философия |
| a | Ключевые слова | Личность | ||
| a | Ключевые слова | Личностное бытие | ||
| a | Ключевые слова | Автономия личности | ||
| a | Ключевые слова | Личностная автономия | ||
| a | Ключевые слова | Онтологическая безопасность личности | ||
| a | Ключевые слова | Авторефераты | ||
| 700 | 12 | a | Другие авторы | Бондарева Яна Васильевна |
| c | Титул (звание) | д.филос.н., доц. | ||
| e | Роль лиц | науч. конс. | ||
| 700 | 12 | a | Другие авторы | Донских Олег Альбертович |
| c | Титул (звание) | д.филос.н., проф. | ||
| e | Роль лиц | оппонент | ||
| 700 | 12 | a | Другие авторы | Губман Борис Львович |
| c | Титул (звание) | д.филос.н., проф. | ||
| e | Роль лиц | оппонент | ||
| 700 | 12 | a | Другие авторы | Томашов Валерий Васильевич |
| c | Титул (звание) | д.филос.н., проф. | ||
| e | Роль лиц | оппонент | ||
| 710 | 12 | a | Организация/ юрисдикция | Тверской государственный технический университет, Каф. психологии и философии |
| 710 | 12 | a | Организация/ юрисдикция | Институт философии РАН |
| 710 | 12 | a | Организация/ юрисдикция | Новособирский государственный университет экономики и управления "НИНХ" |
| 710 | 12 | a | Организация/ юрисдикция | Ярославский государственный университет им. П. Г. Демидова |
| 711 | 12 | a | Название мероприятия | Московский государственный университет |
| 901 | t | Тип документа | m | |
| 920 | a | Оператор | Семен | |
| a | Оператор | Суха | ||
| a | Оператор | Густ | ||
| a | Оператор | Стро | ||
| 930 | a | Новая/Ретро | новая | |
| 952 | c | Вид литературы | А/Р н | |
| 954 | b | Дата поступления в ОК | 20160316 | |
| a | Дата поступления на обработку | 20160322 | ||
| c | Дата окончания ОНО | 20160406 |